000 00525cam a22001457a 4500
008 180718b2000 xxu||||| |||| 00| 0 eng d
100 _aMorisset, Jacques
245 _aForeign direct investment in Africa: policies also matter
_cby Jacques Morisset
260 _aWashington, D.C.
_bWorld Bank
_c2000
300 _a20p.
440 _aPolicy research working paper 2481
650 _aAfrica, Sub-Saharan --Commercial policy
650 _aFree trade --Africa, Sub-Saharan
650 _aInvestments, Foreign --Africa, Sub-Saharan
999 _c284945
_d284945